00976nam a2200241 a 450000100100000000500170001000800410002702000150006804000250008308200190010810000200012724501540014724600900030126000570039130000390044850000680048765000160055565000380057165000380060965000340064770000240068170000290070500000452920260417112310.0090723s2007 dr ac 000 0 spa d z999349950X aDO-SdBNPbspacBNPHU a305.235bC117m1 aCabreja, German10aManual de calidad de vida :bprograma de desarrollo personal, familiar y profesional /cGerman Cabreja ; colaboradores Rafael Cruz, Rosa Lina Valdez.14aPrograma de desarrollo personal, familiar y profesional :bmanual de calidad de vida. aSanto Domingo :bCultural Hispanoamericana,c[2007]. a206 p. :bil., gráfcs. ;c28 cm. aLa biblioteca posee 3 ejemplares autografíados por la autora. 0aAutoestima  4aEducación sexual para jóvenes 4aEducación para la vida familiar 0aPsicología del adolescente 1 aCruz, Rafael,ecol.1 aValdez, Rosa Lina,ecol.